000 00490nam a22001577a 4500
008 151006b xxu||||| |||| 00| 0 eng d
020 _a0669433942
041 0 _aeng
080 _a512.5
245 1 0 _aHeath algebra 2:
_cRoland E. Larson; Timothy D. Kanold; Lee Stiff;
260 _aCanada:
_bHeath and Company, A division of Houghton Mifflin Company;
_c1998.
300 _a944 f.:
_bme il.;
_c26 cm.
650 0 _aAlgjebra
650 0 _aMatematik
942 _2udc
_cBK
999 _c1227
_d1227